000 00519cam a2200205ua 4500
001 196
008 110323n ii |||gr||||Z||||||eng
040 _cMAIN
082 _a306
245 _aIndian culture.
_cBy Suniti Kumar Chatterjee.
250 _a1st.
260 _aDelhi.:
_bUniversal publication.,966.
300 _aviii, 110:3 cm.
653 _aSociology.
653 _aIndian culture.
700 0 _aChatterjee, Suniti Kumar.,
700 1 _aAtreya, Bhikhan Lal.,
700 1 _aDanielou, Alain.,
942 _cBK
999 _c170
_d170